| 000 | 00479nam a2200181Ia 4500 | ||
|---|---|---|---|
| 001 | 2155 | ||
| 005 | 20260306143821.0 | ||
| 008 | 260306t2015||||xx |||||||||||||| ||spa|| | ||
| 041 | _aESP | ||
| 082 |
_a615.8515 _bC282 |
||
| 100 |
_aCudeiro Mazaira, F. Javier _eAUT |
||
| 245 | 0 | _aFundamentos de neurociencia y neurorrehabilitación en terapia ocupacional | |
| 260 | _c2015 | ||
| 300 |
_a254 pƔginas : _c23 cm. |
||
| 650 | _aGEN | ||
| 654 | _aCPS | ||
| 942 |
_cLIB _dJUS _fJUS _2ddc _n |
||
| 999 |
_c2155 _d2155 |
||